000 00275nam a22001217a 4500
020 _a9789381421659
082 _a174.9097
100 _aSaxena,Pawan Kumar
245 _aJournalism ethics
260 _aNew Delhi
_bRandom publications
_c2012.
300 _a272p
942 _cBK
999 _c3050
_d3050